A good start (Record no. 61642)
[ view plain ]
| 000 -CABECERA | |
|---|---|
| campo de control de longitud fija | 00489nam a2200205 a 4500 |
| 005 - FECHA Y HORA DE LA ÚLTIMA TRANSACCIÓN | |
| campo de control | 20210219152821.0 |
| 008 - ELEMENTOS DE LONGITUD FIJA--INFORMACIÓN GENERAL | |
| campo de control de longitud fija | 991125n 000 0 eng u |
| 035 ## - NÚMERO DE CONTROL DEL SISTEMA | |
| Número de control de sistema | UPN01000062305 |
| 100 ## - ASIENTO PRINCIPAL--NOMBRE PERSONAL | |
| Nombre de persona | KING, Mathew |
| 222 ## - TÍTULO CLAVE | |
| Título clave | PHI DELTA KAPPAN |
| 245 ## - MENCIÓN DE TÍTULO | |
| Título | A good start |
| 300 ## - DESCRIPCIÓN FÍSICA | |
| Extensión | 356-360 |
| 362 ## - FECHAS DE PUBLICACIÓN Y/O DESIGNACIÓN SECUENCIAL | |
| Fecha de publicación y/o designación secuencial | 2000 81 (5) |
| 653 0# - TERMINO DE INDIZACION - NO CONTROLADO | |
| Término no controlado | ENTREVISTA |
| 653 0# - TERMINO DE INDIZACION - NO CONTROLADO | |
| Término no controlado | ESCUELA |
| 653 0# - TERMINO DE INDIZACION - NO CONTROLADO | |
| Término no controlado | SELECCION DE ALUMNOS |
| 700 ## - ASIENTO SECUNDARIO--NOMBRE DE PERSONAL | |
| Nombre de persona | BLUMER, Irwin, coaut. |
| 904 ## - ELEMENTOS DE DATOS D LOCAL, LDD (RLIN) | |
| a | AC |
| b | 000116 |
| 905 ## - TIPO DE MATERIAL | |
| Tipo de material | Articulo |
No items available.
